Visualizzazione normale
Vista MARC
- Centro catechistico salesiano di Leumann
di Personal Name
Records bibliografici associati: 1
001 - CONTROL NUMBER
- control field: 63198
003 - CONTROL NUMBER IDENTIFIER
- control field:
005 - DATE AND TIME OF LATEST TRANSACTION
- control field: 20260121134740.0
008 - FIXED-LENGTH DATA ELEMENTS
- fixed length control field: 260121|| aca||aabn | a|a d
040 ## - CATALOGING SOURCE
- Original cataloging agency:
- Transcribing agency:
100 ## - HEADING--PERSONAL NAME
- Personal name: Centro catechistico salesiano di Leumann
670 ## - SOURCE DATA FOUND
- Source citation: Work cat.: ()206662: Centro catechistico salesiano di Leumann , Vivere il vangelo in famiglia., 1980